01561nam a2200373 a 4500001001000000003000500010005001700015008004100032010001100073011001100084040000900095090001000104100003900114245014800153260004100301500006000342502008700402590004000489590004000529650004300569650004000612650003300652650002500685650003300710650003600743650002000779856007000799901000700869942001000876942000600886999001900892952013600911952014001047000111872CHAP20220329144233.0150925s2015 mx a fsm |||||||spa d a108333 a109305 cCHAP aTesis1 aParra Álvarez, Joaquín912986310aEvaluación de cargas de combustible en rodales de pino-encino del municipio de Zautla, Puebla /h[En línea]cpor Joaquín Parra Álvarez. aChapingo, Méx. :bEl autor,c2015. aPara ver el contenido del material haga clic en la liga aTesis (Ing. en Restauración Forestal) -- UACH. División de Ciencias Forestales aE6096MTMb05c20150925lUCH01h1112 aE6096MTMb05c20150925lUCH01h111414aÁrbolesxDaños por el fuego.9658814aBosquesxIncendiosxControl.91421814aBosquesxInventarios.91424014aEvaluación.93891314aFuego y vegetación.94379914aMadera como combustible.96964814aRodales.998229 aFinding aiduhttp://10.13.5.2/tesis/sist111872.pdfzTeclea aquí aBK cTESIS n0 c108333d108333 00104054718TESISaBCbBCd2015-09-25fTESISl0oTesisp33724002505629r2019-12-31 00:00:00w2019-12-31yTESISzRecien adquirido 00102local4053708TESISaBCbBCcPA_TESISd2015-09-25fTESISl0oTesisp33724002506371r2019-12-31 00:00:00tc.2w2019-12-31yTESIS